| 000 | 00520nam a22001697a 4500 | ||
|---|---|---|---|
| 999 |
_c196182 _d196182 |
||
| 005 | 20230606161444.0 | ||
| 010 | _aENG-137090 | ||
| 020 |
_a9789390961160 _c450.00 |
||
| 035 | _aEN-120622 | ||
| 037 | _bDBAD/PUB | ||
| 082 | _a882 | ||
| 245 |
_aSalt Licks: _band other plays/ _cedited by Vijay Padaki |
||
| 260 |
_aNew Delhi _bVitasta Publishing Private Limited _c2022 |
||
| 270 |
_a2/15, Ansari Road, Daryaganj _bNew Delhi _e110002 |
||
| 300 |
_axiii, 351p.; _c20cm(pbk) |
||
| 942 |
_2ddc _cEN _mSAL _h882 |
||